A comparative study of the differences in culture between grade 5 students of Flory Elementary School and the grade 5 students of Southville International School, school year 1997-1998 / (Record no. 96117)
[ view plain ]
| 000 -LEADER | |
|---|---|
| fixed length control field | 01037nam a2200217 a 4500 |
| 003 - CONTROL NUMBER IDENTIFIER | |
| control field | 0 |
| 005 - DATE AND TIME OF LATEST TRANSACTION | |
| control field | 20250623085539.0 |
| 008 - FIXED-LENGTH DATA ELEMENTS--GENERAL INFORMATION | |
| fixed length control field | 021022s19uu xx 00 eng d |
| 050 ## - LIBRARY OF CONGRESS CALL NUMBER | |
| Classification number | PGS LB 1139.35.C74 |
| Item number | .Ar752 1998 |
| 100 ## - MAIN ENTRY--PERSONAL NAME | |
| Personal name | Shannon, Regina Arnold. |
| 245 ## - TITLE STATEMENT | |
| Title | A comparative study of the differences in culture between grade 5 students of Flory Elementary School and the grade 5 students of Southville International School, school year 1997-1998 / |
| Statement of responsibility, etc | Regina Arnold Shannon. |
| 260 ## - PUBLICATION, DISTRIBUTION, ETC. (IMPRINT) | |
| Place of publication, distribution, etc | Las Piñas City, Philippines : |
| Name of publisher, distributor, etc | Southville International School and Colleges, |
| Date of publication, distribution, etc | 1998. |
| 300 ## - PHYSICAL DESCRIPTION | |
| Extent | 41 pages : |
| Other physical details | illustrations ; |
| Dimensions | 28 cm. |
| 504 ## - BIBLIOGRAPHY, ETC. NOTE | |
| Bibliography, etc | Includes bibliographical references. |
| 650 ## - SUBJECT ADDED ENTRY--TOPICAL TERM | |
| Topical term or geographic name as entry element | Children |
| Form subdivision | Cross-cultural studies. |
| 650 ## - SUBJECT ADDED ENTRY--TOPICAL TERM | |
| Topical term or geographic name as entry element | Cultural differences |
| Geographic subdivision | United States and Philippines. |
| 650 ## - SUBJECT ADDED ENTRY--TOPICAL TERM | |
| Topical term or geographic name as entry element | Elementary school students |
| Geographic subdivision | United States |
| Form subdivision | Attitudes. |
| 650 ## - SUBJECT ADDED ENTRY--TOPICAL TERM | |
| Topical term or geographic name as entry element | Elementary school students |
| Geographic subdivision | Philippines |
| Form subdivision | Attitudes. |
| 650 ## - SUBJECT ADDED ENTRY--TOPICAL TERM | |
| Topical term or geographic name as entry element | Comparative education |
| Geographic subdivision | United States and Philippines. |
| 942 ## - ADDED ENTRY ELEMENTS (KOHA) | |
| Source of classification or shelving scheme | Library of Congress Classification |
| Koha item type | PASS |
| Withdrawn status | Lost status | Source of classification or shelving scheme | Damaged status | Home library | Current library | Shelving location | Date acquired | Source of acquisition | Total Checkouts | Full call number | Barcode | Date last seen | Price effective from | Koha item type |
|---|---|---|---|---|---|---|---|---|---|---|---|---|---|---|
| Library of Congress Classification | Luxembourg Library | Luxembourg Library | Portfolio Assessment of SISC Students Section | 11/12/2002 | Donation | PGS LB 1139.35.C74 .Ar752 1998 | P0023 | 04/08/2014 | 04/08/2014 | PASS |